| 000 | 00452nam a2200169Ia 4500 | ||
|---|---|---|---|
| 008 | 131103s9999 xx 000 0 und d | ||
| 040 | _aLoreto College | ||
| 041 | _aEnglish | ||
| 082 |
_aF/JEP _bLCBED/6474 |
||
| 245 |
_aShort stories _bold and new _cedited by R.W.Jepson |
||
| 260 |
_aLondon _bLongmans green _c1937 |
||
| 300 |
_a190p. _c 17cm. |
||
| 650 | _aEnglish fiction | ||
| 700 | _aJepson, R.W.; ed. | ||
| 850 | _aLCBED/F/JEP | ||
| 942 | _cBK | ||
| 999 |
_c32655 _d83134 |
||